[Event "XV Konik Morski Rewala - Open B"]
[Site "Rewal"]
[Date "2010.08.28"]
[Round "9.46"]
[White "Mirski, Roman"]
[Black "Wojna, Natalia"]
[Result "1-0"]
[WhiteElo "1592"]
[BlackElo "1527"]
[PlyCount "71"]
[EventDate "2010.??.??"]

1. e4 c5 2. Nf3 Nc6 3. d4 cxd4 4. Nxd4 Nf6 5. Nc3 e5 6. Ndb5 d6 7. Bg5 a6 8.
Na3 b5 9. Nd5 Be7 10. Bxf6 Bxf6 11. c3 Bg5 12. Nc2 O-O 13. a4 bxa4 14. Rxa4 a5
15. b4 Bb7 16. Bc4 Kh8 17. Qd3 axb4 18. Rxa8 Qxa8 19. cxb4 Ne7 20. O-O Nxd5 21.
Bxd5 Bxd5 22. exd5 Rc8 23. b5 Bd8 24. Nb4 Rc5 25. Nc6 Bb6 26. Qf5 Qf8 27. h4
Rxd5 28. Ra1 h6 29. Qe4 Rc5 30. Ra6 f5 31. Qa4 Rc1+ 32. Kh2 Qf6 33. Rxb6 f4 34.
Qa3 Qxh4+ 35. Qh3 Qxf2 36. Rb8+ 1-0

[Event "XV Konik Morski Rewala - Open B"]
[Site "Rewal"]
[Date "2010.08.28"]
[Round "9.47"]
[White "Kwasniewski, Pawel"]
[Black "Hagner, Pawel"]
[Result "1/2-1/2"]
[WhiteElo "1478"]
[BlackElo "1901"]
[PlyCount "35"]
[EventDate "2010.??.??"]

1. d4 Nf6 2. c4 g6 3. Nc3 Bg7 4. e4 d6 5. Bf4 O-O 6. Qd2 Nbd7 7. Nf3 c5 8. d5
Nb6 9. h3 Bd7 10. Be2 Na4 11. Nxa4 Bxa4 12. e5 Nh5 13. Bh2 dxe5 14. Bxe5 Nf6
15. O-O Re8 16. b3 Bd7 17. Rad1 a6 18. b4 1/2-1/2

[Event "XV Konik Morski Rewala - Open B"]
[Site "Rewal"]
[Date "2010.08.28"]
[Round "9.48"]
[White "Szmer, Aleksander"]
[Black "Strek, Jaroslaw"]
[Result "1-0"]
[WhiteElo "1574"]
[BlackElo "1568"]
[PlyCount "85"]
[EventDate "2010.??.??"]

1. e4 c5 2. d4 cxd4 3. c3 dxc3 4. Nxc3 d6 5. Nf3 a6 6. Bc4 e6 7. O-O Nf6 8. Qe2
Nbd7 9. Rd1 Qc7 10. Bf4 b5 11. Bb3 Nh5 12. Be3 Nhf6 13. Rac1 Qb8 14. Bd4 Be7
15. e5 dxe5 16. Nxe5 Nxe5 17. Bxe5 Qb6 18. Bc2 Bb7 19. Be4 O-O 20. Bd4 Bc5 21.
Bxc5 Qxc5 22. Bxb7 Rab8 23. Bxa6 b4 24. Ne4 Qe5 25. Nxf6+ Qxf6 26. Bc4 Rb7 27.
Qf3 Rfb8 28. Qxf6 gxf6 29. g3 f5 30. f3 Kg7 31. g4 f4 32. h4 f6 33. Bxe6 Re8
34. Bf5 Re3 35. Be4 Re7 36. Kf2 R3xe4 37. fxe4 Rxe4 38. Kf3 Re3+ 39. Kxf4 Rh3
40. Rd7+ Kh6 41. g5+ fxg5+ 42. hxg5+ Kg6 43. Rc6+ 1-0

[Event "XV Konik Morski Rewala - Open B"]
[Site "Rewal"]
[Date "2010.08.28"]
[Round "9.51"]
[White "Rabeda, Grzegorz"]
[Black "Kowalski, Maciej"]
[Result "0-1"]
[WhiteElo "1520"]
[BlackElo "1649"]
[PlyCount "94"]
[EventDate "2010.??.??"]

1. d4 d5 2. c4 e6 3. Nf3 Nf6 4. g3 c6 5. cxd5 cxd5 6. Bg2 Nc6 7. O-O Bd7 8. Nc3
Be7 9. Bf4 O-O 10. Nd2 Nxd4 11. e4 dxe4 12. Ndxe4 Nc6 13. Rc1 e5 14. Be3 Be6
15. Qa4 Bd7 16. Qc2 Rc8 17. Qb1 Nxe4 18. Bxe4 f5 19. Bd5+ Kh8 20. f4 e4 21.
Rfd1 Qe8 22. a3 b6 23. b4 Nd8 24. Bb3 Bf6 25. Nd5 Rxc1 26. Rxc1 Be6 27. Nxf6
Rxf6 28. Rc3 Bxb3 29. Qxb3 Qd7 30. Qc2 Rc6 31. Rxc6 Nxc6 32. Kf1 h6 33. Ke2 Kh7
34. g4 Ne7 35. h3 Qe6 36. g5 hxg5 37. fxg5 Nd5 38. h4 f4 39. Bd4 Qg4+ 40. Kf1
Qf3+ 41. Ke1 Qh1+ 42. Kd2 Qg2+ 43. Kd1 Qf3+ 44. Kc1 Qxa3+ 45. Bb2 Qe3+ 46. Kb1
Qe1+ 47. Ka2 Nxb4+ 0-1